Canada ABC (Record no. 1612)
[ view plain ]
| 000 -LEADER | |
|---|---|
| fixed length control field | 00801nam a22002177a 4500 |
| 005 - DATE AND TIME OF LATEST TRANSACTION | |
| control field | 20230911131911.0 |
| 020 ## - INTERNATIONAL STANDARD BOOK NUMBER | |
| International Standard Book Number | 9781443448840 |
| 040 ## - CATALOGING SOURCE | |
| Original cataloging agency | FISKH |
| Language of cataloging | eng |
| Transcribing agency | FISKH |
| Modifying agency | FISKH |
| 050 ## - LIBRARY OF CONGRESS CALL NUMBER | |
| Classification number | PZ7.C68 |
| 082 ## - DEWEY DECIMAL CLASSIFICATION NUMBER | |
| Classification number | 317 |
| 100 ## - MAIN ENTRY--PERSONAL NAME | |
| Personal name | Covello, Paul |
| 245 ## - TITLE STATEMENT | |
| Title | Canada ABC |
| Statement of responsibility, etc. | Paul Covello |
| 260 ## - PUBLICATION, DISTRIBUTION, ETC. | |
| Place of publication, distribution, etc. | Toronto : |
| Name of publisher, distributor, etc. | HarperCollins, |
| Date of publication, distribution, etc. | 2016 |
| 300 ## - PHYSICAL DESCRIPTION | |
| Extent | 30 unnumbered pages : |
| Dimensions | 23 cm |
| 505 ## - FORMATTED CONTENTS NOTE | |
| Formatted contents note | C |
| 520 ## - SUMMARY, ETC. | |
| Summary, etc. | A is for Arctic, B is for Beaver ... Paul Covello's gloriously bright and detailed board book for the very young highlights Canada's iconic symbols, souvenirs and events, including the Dogsled, Inuksuk, Loonie, Totem Pole and the Zamboni machine. From the author of the beloved Toronto ABC. |
| 521 ## - TARGET AUDIENCE NOTE | |
| Target audience note | 100 <br/> |
| Source | Lexile estimate |
| 521 ## - TARGET AUDIENCE NOTE | |
| Target audience note | C <br/> |
| Source | Raz-Plus |
| 942 ## - ADDED ENTRY ELEMENTS (KOHA) | |
| Source of classification or shelving scheme | Dewey Decimal Classification |
| Koha item type | Books |
| Suppress in OPAC | No |
| 999 ## - | |
| -- | 1612 |
| -- | 1612 |
| Withdrawn status | Lost status | Source of classification or shelving scheme | Damaged status | Not for loan | Collection | Home library | Current library | Shelving location | Date acquired | Total Checkouts | Full call number | Barcode | Date last seen | Date last checked out | Copy number | Price effective from | Koha item type |
|---|---|---|---|---|---|---|---|---|---|---|---|---|---|---|---|---|---|
| Dewey Decimal Classification | Non-Fiction | Footprints International School Library Network Toul Kork Campus | Footprints International School Library Network Toul Kork Campus | TK Primary Library Room(4th Floor), Bookcase 7, Shelves 57-60, Dark Green Books | 09/11/2023 | 2 | COC 317 PZ7.C68 | FISBK072852 | 06/19/2025 | 05/21/2025 | 1 | 09/11/2023 | Books | ||||
| Dewey Decimal Classification | Non-Fiction | Footprints International School Library Network Toul Kork Campus | Footprints International School Library Network Toul Kork Campus | TK Primary Library Room(4th Floor), Bookcase 7, Shelves 57-60, Dark Green Books | 08/20/2025 | COC 317 PZ7.C68 | 2025-4158 | 08/20/2025 | 2 | 08/20/2025 | Books | ||||||
| Dewey Decimal Classification | Non-Fiction | Footprints International School Library Network Toul Kork Campus | Footprints International School Library Network Toul Kork Campus | TK Primary Library Room(4th Floor), Bookcase 7, Shelves 57-60, Dark Green Books | 08/20/2025 | 1 | COC 317 PZ7.C68 | 2025-4166 | 01/20/2026 | 01/13/2026 | 3 | 08/20/2025 | Books |
